000 03563nam a2200373 4500
003 OSt
005 20260514101500.0
008 260514b |||||||| |||| 00| 0 aze d
040 _aAZ-XaKU
_baze
_cAZ-XaKU
041 0 _aaze
050 1 4 _aJZ1464 .H29 2005
100 1 _aHəsənov, Əli,
_emüəllif.
245 1 _aMüasir beynəlxalq münasibətlər və Azərbaycanın xarici siyasəti
_b/ Əli Həsənov ; elmi redaktorlar Seyfəddin Qəndilov, Ərəstun Mehdiyev ; rəyçilər Musa Qasımlı, Namiq Axundov ; məsləhətçilər Novruz Məmmədov, Xələf Xələfov
264 _aBakı:
_b"Azərbaycan" nəşriyyatı,
_c2005.
300 _a752 səhifə ;
_c22 sm.
336 _atext
_btxt
_2rdacontent
337 _aunmediated
_bn
_2rdamedia
338 _avolume
_bnc
_2rdacarrier
500 _aAzərbaycan Respublikasının Prezidenti yanında Dövlət İdarəçilik Akademiyasının Böyük Elmi Şurasının tövsiyəsi, Azərbaycan Respublikasının təhsil nazirinin 12 sentyabr 2005-ci il tarixli, 653 №-li əmri ilə ali məktəblərin “Beynəlxalq münasibətlər” ixtisası üzrə dərslik kimi təsdiq edilmişdir.
504 _aDərslik üzrə istifadə oluna biləcək digər xarici ədəbiyyat və internet resursları: s. 740-751
505 0 _aI Hissə. Beynəlxalq münasibətlər sistemi: yaranması, inkişafı, müasir xarakteristikası və tendensiyaları ; I Fəsil. Beynəlxalq münasibətlər: nəzəri mənbələr, konseptual yanaşmalar -- II Fəsil. Beynəlxalq münasibətlər sistemi: formalaşma tarixi və əsas inkişaf mərhələləri -- III Fəsil. Müasir beynəlxalq münasibətlər sisteminin yaranması: xarakteristikası, tendensiyaları və əsas aktorları -- II Hissə. Azərbaycanın xarici siyasəti və müasir beynəlxalq münasibətlər sisteminə qatılması ; IV Fəsil. Azərbaycanın beynəlxalq münasibətlər sisteminə qatılması: xarici siyasət fəaliyyətinin formalaşması və inkişafı -- V Fəsil. Azərbaycan müasir beynəlxalq münasibətlər sistemində: ikitərəfli əlaqələr -- VI Fəsil. Azərbaycanın beynəlxalq aləmlə çoxtərəfli münasibətləri -- VII Fəsil. Azərbaycan regional münasibətlər sistemində: ikitərəfli əlaqələr -- VIII Fəsil. Avrasiya subregional inteqrasiyası və Azərbaycanın çoxtərəfli regional əlaqələri -- IX Fəsil. Dünya ölkələrinin enerji siyasəti və Azərbaycanın yeni neft strategiyası -- X Fəsil. Azərbayacanın təhlükəsizlik problemləri və Ermənistan-Azərbaycan, Dağlıq Qarabağ münaqişəsi.
520 0 _aDərslikdə beynəlxalq münasibətlər sisteminin formalaşması və inkişaf mərhələləri, müasir dünya siyasətinin xarakteristikası, tendensiyaları və əsas aktorları, beynəlxalq və regional məsələlər, o cümlədən müstəqil Azərbaycan Respublikasının xarici siyasəti öz əksini tapmışdır.
521 _aDərslik ali məktəblərin uyğun ixtisasları və müvafiq fakültələrinin tələbələri, aspirantlar, gənc diplomatlar və beynəlxalq münasibətlərlə maraqlanan digər oxucular üçün nəzərdə tutulmuşdur.
650 7 _aBeynəlxalq münasibətlər
_2AZ-XaKU
655 _2Az-XaKU
_adərslik
700 1 _aQəndilov, Seyfəddin,
_eelmi redaktor.
700 1 _aMehdiyev, Ərəstun,
_eelmi redaktor.
700 1 _aQasımlı, Musa,
_erəyçi.
700 1 _aAxundov, Namiq,
_erəyçi.
700 1 _aMəmmədov, Novruz,
_eməsləhətçi.
700 1 _aXələfov, Xələf,
_eməsləhətçi.
942 _cBOOK
999 _c475
_d475